000 00784 a2200229 4500
003 Nust
005 20170207164715.0
020 _a978-0-88173-610-6
035 _a(EBZ)ebs1088996e
035 _a(EBZ)ebs1088996e
035 _a(EBZ)ebs1088996e
040 _cNust
100 1 _aDoty, Steve.
245 1 0 _aEnergy Management Handbook (E BOOK)
_h[Elektronisk resurs]
260 _bFairmont Press
_c2009
300 _a865p
500 _aE BOOK
655 4 _aElectronic books
700 1 _aTurner, Wayne C.
856 4 0 _uhttp://ep.bib.mdh.se/login?url=http://search.ebscohost.com/login.aspx?direct=true&scope=site&db=e000xww&AN=288136
856 4 0 _uhttp://webproxy.student.hig.se:2048/login?url=http://search.ebscohost.com/login.aspx?direct=true&scope=site&db=nlebk&db=nlabk&AN=288136
942 _2ddc
_cBK
999 _c209747
_d209747